İzmir'de su ve kanalizasyon (Record no. 5767)

MARC details
000 -BAŞLIK
Sabit Uzunlukta Kontrol Alanı 00630na a2200205 4500
001 - KONTROL NUMARASI
Denetim Alanı 18813
003 - KONTROL NUMARASI IDENTIFIER
Denetim Alanı MIRAKIL
005 - SON İŞLEM TARİHİ VE ZAMANI
Denetim Alanı 20181213155046.0
008 - SABİT-BOY VERİ ELEMANLARI - GENEL BİLGİLER
Sabit Uzunlukta Kontrol Alanı 161128b tu 000 0
040 ## - KATALOGLAMA KAYNAK
Orijinal Kataloglama Ajansı Milas
Kataloglama Dili tur
Metne Dönüştürmek Ajansı TR-AnCHP
041 ## - DİL KODU
Metin / Ses Parça Veya Ayrı Başlığın Dil Kodu tur
082 ## - DEWEY ONLU SINIFLANDIRMA NUMARASI
Sınıflandırma Numarası 574.5
Ürün Numarası İ95 [2004]
090 ## - SINIFLAMA NUMARASI
Sınıflama Numarası 574.5 İ95 [2004]
245 ## - BAŞLIK TABLOSU
Başlık İzmir'de su ve kanalizasyon
Başlığın Kalan 1999-2000-2001-2002-2003 ve sonrası
Sorumluluk Tablosu, Vb İzmir Büyükşehir Belediyesi
246 ## - UNVAN FORM VARYING
Başlık Doğru / Kısa Başlığı 1999-2000-2001-2002-2003 ve sonrası
260 ## - YAYIN, DAĞITIM, VB
Yayın, Dağıtım, Vb Yeri [İzmir]
Yayıncı, Dağıtıcı, Vs Adı İzmir Büyükşehir Belediyesi
Yayın, Dağıtım, Vb Tarihi [2004]
300 ## - FİZİKSEL TANIM
Kapsam 295 s.
Diğer Fiziksel Ayrıntıları res.
Boyutlar 35 sm.
650 ## - KONU KATMA GİRİŞ - TOPİKAL DÖNEM
Topikal Süreli Veya Coğrafi Ad Giriş Elemanı Ekoloji
Coğrafi Alt Bölümü Türkiye
942 ## - EKLENDİ GİRİŞ ELEMANLARI (KOHA)
Sınıflandırma Veya Raf Düzeni Kaynak
Koha Öğesi Türü Books
999 ## - SİSTEM KONTROL NUMARALARI (KOHA)
Koha Biblionumber 5767
Koha Biblioitemnumber 5767
Holdings
Kalıcı Konum Mevcut Konum Edinme Tarihi Edinim Kaynak Toplam Check-Out'Lar Tam Çağrı Numarası Barkod Tarih Son Görülme İtibaren Geçerli Fiyatlar Koha Öğesi Türü
CHP Kütüphanesi CHP Kütüphanesi 11/28/2016 Bağış   574.5 İ95 [2004] 009742 11/28/2016 11/28/2016 Books